Koľko krásy sa skrýva za hrôzou vojny v šamorínskej synagóge At Home Gallery je pôsobivá výstava Bohušab a Moniky Kubinských

Bibliographic Details
Main Author: Németh, Jana (Author)
Format: Article
Language:Slovak
PhysicalDescription:Fotogr.
ISSN:1335-440X
Subjects:

MARC

LEADER 00000nab a2200000 a 4500
001 vtls010645297
003 SK-MaSNL
005 20260305024046.0
008 150107|20141222xo dr | 000 0|slo
015 |a SNBRB2015/01 
038 |a DSZK 
040 |a DSZK  |b slo  |c DSZK  |e AACR2 
041 0 |a slo 
044 |a xo  |c SK 
080 |a 72/76.071.1  |x (437.6)  |2 2001 
080 |a 069.9  |x (437.612)  |2 2001 
100 1 |a Németh, Jana  |4 aut  |9 1314475 
245 1 0 |a Koľko krásy sa skrýva za hrôzou vojny  |b v šamorínskej synagóge At Home Gallery je pôsobivá výstava Bohušab a Moniky Kubinských  |c Jana Németh 
300 |b Fotogr. 
600 1 7 |a Kubinský, Bohuš,  |d 1966-  |2 dszk  |9 159087 
600 1 7 |a Kubinská, Monika,  |d 1966-  |2 dszk  |9 159086 
610 2 7 |a At Home Gallery (Šamorín, Slovensko)  |2 dszk  |9 620727 
650 0 7 |a výtvarníci  |2 SNKPH  |9 118705 
650 0 7 |a výstavy  |2 SNKPH  |9 2780 
651 7 |a Šamorín (Slovensko)  |2 SNKPHgeo  |9 28925 
773 0 |t Sme  |g Roč. 22, č. 293 (22.12.2014), s. 12  |x 1335-440X 
852 |a DSZK  |b KIS3GCP 
958 |a SK 
999 |c 3300564  |d 3302494